[Event "IBCA World-chT blind 9th"]
[Site "Ohrid"]
[Date "2022.06.28"]
[Round "1.4"]
[White "Patev, Petko"]
[Black "Szilagyi, Samuel Attila"]
[Result "1/2-1/2"]
[WhiteElo "1792"]
[BlackElo "1935"]
[PlyCount "58"]
[EventDate "2022.06.28"]
[EventType "team-swiss"]
[EventRounds "9"]
[EventCountry "MKD"]
[SourceTitle "EXT 2024"]
[Source "ChessBase"]
[SourceDate "2023.10.10"]
[SourceVersion "1"]
[SourceVersionDate "2023.10.10"]
[SourceQuality "1"]
[WhiteTeam "Bulgaria"]
[BlackTeam "Hungary"]
[WhiteTeamCountry "BUL"]
[BlackTeamCountry "HUN"]

1. e4 e5 2. Nf3 Nf6 3. Bc4 Bc5 4. 0-0 Nc6 5. d3 d6 6. c3 h6 7. h3 0-0 8. Re1 a6 9. Bb3 Qe7 10. Bc2 Nh5 11. d4 Ba7 12. Be3 Qf6 13. dxe5 dxe5 14. Bxa7 Rxa7 15. Re3 Nf4 16. Kh2 Qg6 17. Qg1 Be6 18. Nfd2 Raa8 19. Rg3 Qf6 20. Nc4 Rad8 21. Ne3 Kh7 22. Rf3 Qh4 23. Nf5 Qh5 24. Re3 g6 25. Ng3 Qg5 26. b3 h5 27. Ne2 h4 28. Nxf4 exf4 29. Re1 Ne5 1/2-1/2